00835nam a2200217 a 4500001001000000003000500010005001700015008004100032010001100073011001100084040000900095100004400104245014500148260004100293500006000334502008600394650002800480650002600508650001300534856007000547000111638CHAP20220329144223.0150623s2015 mx a fsm |||||||spa d a108099 a109071 cCHAP1 aRamírez Velázquez, Gabriela Cecilia10aDiseño del proceso de licor de café en la empresa Nogueras, S. P. R. de R. L.h[En línea]cpor Gabriela Cecilia Ramírez Velázquez. aChapingo, Méx. :bEl autor,c2015. aPara ver el contenido del material haga clic en la liga aTesis (Ing. Agroindustrial ) -- UACH. Departamento de Ingeniería Agroindustrial14aBebidasxElaboración.14aCaféxSubproductos.14aLicores. aFinding aiduhttp://10.13.5.2/tesis/sist111638.pdfzTeclea aquí